|
|
|
|
| LEADER |
00970ncm a22002532a 4500 |
| 001 |
001229203 |
| 003 |
CZ BrMZK |
| 005 |
20150303174602.0 |
| 007 |
qu |
| 008 |
120709s1925 au |||||||||||||||||zxx d |
| 040 |
|
|
|a BOA001
|b cze
|
| 072 |
|
7 |
|a 787
|x Hudba pro strunné a smyčcové nástroje
|2 Konspekt
|9 9
|
| 100 |
1 |
|
|a Weber, Carl Maria von,
|d 1786-1826
|7 jn19990008955
|4 cmp
|
| 245 |
1 |
0 |
|a Sonaten, Op. 13
|h [hudebnina] :
|b für Violine und Klavier /
|c Karl Maria von Weber ; rev. und hrsg. von Gustav Ad. Glossner und Adolf Steffek
|
| 260 |
|
|
|a Wien :
|b Universal-Edition,
|c [1925?]
|
| 300 |
|
|
|a 40, 14 s.
|
| 490 |
1 |
|
|a Universal-Edition ;
|v Nr. 761
|
| 700 |
1 |
|
|a Glossner, Gustav Adolf,
|d 1866-
|7 mzk2011638183
|4 edt
|
| 700 |
1 |
|
|a Steffek, Adolf,
|d 1850-
|7 mzk2015861827
|4 edt
|
| 830 |
|
0 |
|a Universal-Edition
|
| 910 |
|
|
|a BOA001
|b Mus4-0582.965
|
| 990 |
|
|
|a MU
|
| 991 |
|
|
|b 201207
|
| 996 |
6 |
|
|b 2619097600
|c Mus4-0582.965
|l MZK
|r Sklad / do 1 hodiny
|n 0
|w 001262923
|u 000010
|a 1
|e BOA001
|j MZK50
|s P
|